Word Ladder: Good for Your Heart Quiz Stats

 Plays Quiz Updated Mar 27, 2019

Score 0/28 Timer 03:00
0 Plays Today
Clue Rung % Correct
Center of an apple or EarthCORE
98.3%
Settlement smaller than a city☆ TOWN ☆
97.6%
Ripped apartTORN
97.3%
One of 52 in a deckCARD
96.7%
The Beatles want to hold yoursHAND
96.3%
Difficult or solidHARD
96.2%
Cereal cropCORN
95.9%
Respiratory organLUNG
95.2%
Santa's home, the North ____☆ POLE ☆
94.6%
Citrus fruitLIME
92.5%
Capital of Peru☆ LIMA ☆
91.6%
Road feeTOLL
91.5%
Formed from sour milk☆ CURD ☆
90.1%
SurveyPOLL
89.8%
Clue Rung % Correct
'Friday I'm in Love' band: The ____CURE
87.7%
Connery or Penn, e.g.☆ SEAN ☆
87.5%
Chinese dynastyMING
87.1%
It comes over matter, colloquiallyMIND
85.5%
Partner of 'show' in schoolTELL
84.4%
US Navy special operations memberSEAL
83.9%
Exchange for moneySELL
83.2%
Older female deerHIND
82.2%
To manipulate data, informally☆ MUNG ☆
80.4%
Ravenclaw's LovegoodLUNA
75.2%
Super Mario Galaxy's star creaturesLUMA
70.3%
Capital of TogoLOMÉ
66.9%
A fruit with a core (pear, e.g.)POME
66%
☆ COMMON BOND ☆☆ BEAN ☆
57%

Today's Daily Dose

Missing Word
1940s A-Z

Quick Pick
'S' Athletes

Get the Picture
Depp or Bonham Carter

You're not logged in!

Compare scores with friends on all Sporcle quizzes.
OR
Log In

Sporcle TV

Today on Sporcle TV


Watch our educational content, quiz creation guides, and fun videos on Sporcle TV.

Show Comments

Extras

Top Quizzes Today


Score Distribution

Your Account Isn't Verified!

In order to create a playlist on Sporcle, you need to verify the email address you used during registration. Go to your Sporcle Settings to finish the process.

Report this User

Report this user for behavior that violates our Community Guidelines.

Details: